| 000 | 00526nam a2200181Ia 4500 | ||
|---|---|---|---|
| 008 | 200115s9999 xx 000 0 und d | ||
| 100 | _aDiNuzzo, Emily | ||
| 245 | _aWhy dermatologists don't use loofahs/ | ||
| 245 | _cEmily DiNuzzo | ||
| 260 | _bReader's Digest Asia | ||
| 260 | _c2019 | ||
| 300 | _aPage 22, September 2019 | ||
| 440 |
_aAsia Reader's Digest: My Coma Miracle Cyclist's Triumph after horror accident _v116:679 |
||
| 650 | _adermatology | ||
| 650 | _ahealth | ||
| 650 | _ahygiene | ||
| 650 | _askincare | ||
| 999 |
_c362931 _d362931 |
||